000 00448cam a2200193ua 4500
001 8557
008 150206n xxk |||gr||||Z||||||eng
020 _a9780140431537
040 _cMAIN
041 _aeng
082 _a824
100 _aWilliams, W. E.,
_eAuthor.
245 1 _aBook of english essays
_cBy W. E. Williams
250 _a1st.
260 _aLondon:
_bPenguin,
_c1982.
300 _ax,378p.
653 _aEnglish essays
942 _cBK
999 _c7658
_d7658